<?xml version="1.0" encoding="UTF-8"?>
<record
    xmlns:xsi="http://www.w3.org/2001/XMLSchema-instance"
    xsi:schemaLocation="http://www.loc.gov/MARC21/slim http://www.loc.gov/standards/marcxml/schema/MARC21slim.xsd"
    xmlns="http://www.loc.gov/MARC21/slim">

  <leader>01052    a2200229   4500</leader>
  <controlfield tag="001">54320</controlfield>
  <controlfield tag="005">20260407155815.0</controlfield>
  <controlfield tag="008">260407a1964    arg                 spa d</controlfield>
  <controlfield tag="003">AR-UNSa-BCEJYS</controlfield>
  <datafield tag="040" ind1=" " ind2=" ">
    <subfield code="a">AR-UNSa-BCEJYS</subfield>
    <subfield code="b">spa</subfield>
    <subfield code="c">AR-UNSa-BCEJYS</subfield>
  </datafield>
  <datafield tag="080" ind1=" " ind2=" ">
    <subfield code="a">330.34(7/8)</subfield>
    <subfield code="x">Desarrollo Econ&#xF3;mico de Am&#xE9;rica Latina</subfield>
  </datafield>
  <datafield tag="245" ind1="1" ind2="0">
    <subfield code="a">America Latina</subfield>
    <subfield code="p">La revoluci&#xF3;n econ&#xF3;mica y social actual</subfield>
  </datafield>
  <datafield tag="264" ind1=" " ind2="1">
    <subfield code="a">New York :</subfield>
    <subfield code="b">McGraw-Hill Book Company</subfield>
    <subfield code="c">1964</subfield>
  </datafield>
  <datafield tag="300" ind1=" " ind2=" ">
    <subfield code="a">330 p.</subfield>
    <subfield code="c">23 cm.</subfield>
  </datafield>
  <datafield tag="505" ind1=" " ind2=" ">
    <subfield code="a">1. La revoluci&#xF3;n econ&#xF3;mica - 2. Enfoque individual y colectivo del desarrollo econ&#xF3;mico - 3. Reforma agraria - 4. Monopolio - 5. Productos primarios - 6. La experiencia de cuatro mercanc&#xED;as.Cobre,az&#xFA;car,petr&#xF3;leo y caf&#xE9; - 7. Inflaci&#xF3;n - 8. Integraci&#xF3;n econ&#xF3;mica - 9. Ayuda exterior - 10. La planificaci&#xF3;n econ&#xF3;mica nacional - 11. Revoluci&#xF3;n vieja y nueva</subfield>
  </datafield>
  <datafield tag="041" ind1=" " ind2=" ">
    <subfield code="a">spa</subfield>
  </datafield>
  <datafield tag="942" ind1=" " ind2=" ">
    <subfield code="c">BK</subfield>
  </datafield>
  <datafield tag="590" ind1=" " ind2=" ">
    <subfield code="a">niveau_biblio:m niveau_hierar:0</subfield>
  </datafield>
  <datafield tag="100" ind1="1" ind2=" ">
    <subfield code="a">Powelson, John P.</subfield>
  </datafield>
  <datafield tag="700" ind1="1" ind2=" ">
    <subfield code="a">Garcia-Bernal Pi&#xF1;eiro, Ana</subfield>
  </datafield>
  <datafield tag="700" ind1="1" ind2=" ">
    <subfield code="a">Rieg Garc&#xED;a, V&#xED;ctor</subfield>
  </datafield>
  <datafield tag="999" ind1=" " ind2=" ">
    <subfield code="c">5484</subfield>
    <subfield code="d">5484</subfield>
  </datafield>
  <datafield tag="952" ind1=" " ind2=" ">
    <subfield code="0">0</subfield>
    <subfield code="1">0</subfield>
    <subfield code="4">0</subfield>
    <subfield code="7">0</subfield>
    <subfield code="a">BCEJYS</subfield>
    <subfield code="b">BCEJYS</subfield>
    <subfield code="c">16</subfield>
    <subfield code="d">2026-04-07</subfield>
    <subfield code="l">0</subfield>
    <subfield code="o">330.34(7/8) P881</subfield>
    <subfield code="p">L22017</subfield>
    <subfield code="r">2026-04-07 15:58:15</subfield>
    <subfield code="w">2026-04-07</subfield>
    <subfield code="y">L</subfield>
  </datafield>
</record>
